Código penal : arreglado a las correcciones dictadas por Real Decreto 10 enero 1871 y a las reformas introducidas en el mismo por las leyes de 17 de julio 1876, 3 de enero de 1907 y 1908 y otras dictadas hasta 1909 ... arreglado a las correcciones dictadas por Real Decreto 10 enero 1871 y a las reformas introducidas en el mismo por las leyes de 17 de julio 1876, 3 de enero de 1907 y 1908 y otras dictadas hasta 1909 ...
Descripción Física:
768 p. ; 14 cm
Materias:
Dret penal -- Legislació -- Espanya
MARC
| LEADER | 00000nam a2200000Ia 4500 | ||
|---|---|---|---|
| 001 | 1258 | ||
| 008 | 160829s1910 xx 000 0 cat d | ||
| 080 | |a D-1-157 | ||
| 100 | |a Espanya. Lleis, etc. |9 23269 | ||
| 245 | |a Código penal : |b arreglado a las correcciones dictadas por Real Decreto 10 enero 1871 y a las reformas introducidas en el mismo por las leyes de 17 de julio 1876, 3 de enero de 1907 y 1908 y otras dictadas hasta 1909 ... | ||
| 250 | |a 9a. ed. | ||
| 260 | |a Madrid : |b Centro editorial de Góngora, |c 1910 | ||
| 300 | |a 768 p. ; |c 14 cm | ||
| 650 | |a Dret penal |x Legislació |x Espanya |9 38151 | ||
| 901 | |a Arxiu | ||
| 942 | |n 1 | ||
| 952 | |0 0 |1 0 |4 0 |6 D1157 |7 1 |9 47710 |a Arxiu |b Arxiu |d 2016-12-01 |l 0 |o D-1-157 |p 1258 |r 2016-12-01 00:00:00 |w 2016-12-01 |y ARXIU | ||
| 999 | |c 51509 |d 51509 | ||